| 000 | 00674nam a2200205 i 4500 | ||
|---|---|---|---|
| 001 | 150667 | ||
| 003 | ES-MaACL | ||
| 005 | 20250704062529.0 | ||
| 007 | t| | ||
| 008 | 071105q18901900sp ||||1| spa d | ||
| 100 | 1 |
_aDumas, Alexandre, _d1802-1870 _eaut _9241135 |
|
| 245 | 1 | 0 |
_aActea _b: novela / _cpor Alejandro Dumas ; traducción por Juan García Rodríguez. |
| 260 |
_aMadrid : _bLa España Moderna, _c[189-?] ( _fIdamor Moreno) |
||
| 300 |
_a201 p. ; _c23 cm. |
||
| 500 | _aLa editorial La España Moderna ejerce ca. 1890-1900. | ||
| 700 | 1 |
_aGarcía Rodríguez, Juan. _955202 |
|
| 852 |
_aES-MaACL _jF-14779 |
||
| 942 | _2udc | ||
| 999 |
_c150667 _d150667 |
||